Muumilaakson tarinoita -jaksot - Statistics

Yleistilastot
  • Tätä visaa on pelattu 356 kertaa
  • Keskiarvotulos 59 / 104
Vastaustilastot
Hint Vastaus % Oikein
2 Taikurin hattu
90%
35 Noita
82%
9 Näkymätön lapsi
80%
19 Viidakon kätköissä
80%
62 Muumipapan muistelmat 1
79%
63 Muumipapan muistelmat 2
79%
64 Muumipapan muistelmat 3
79%
25 Majakka
78%
10 Ninni saa hymynsä takaisin
76%
1 Muumilaakson kevät
75%
6 Pikkuruiset vieraat
74%
41 Rosvoja muumilaaksossa
73%
4 Tervetuloa hattivattien saarelle
73%
29 Kadonneet lapset
72%
28 Laineilla lipuva teatteri
72%
36 Joulu on ovella
71%
89 Joulutarina
71%
14 Tiukka naapuri
70%
12 Hurja merirosvo
68%
60 Kauhea Pikku Myy
68%
85 Merirosvojen huviretki
68%
87 Aikakone
67%
20 Muumipeikko pelastaa tiikerit
67%
45 Muumipeikko rakentaa talon
66%
27 Jenni-täti on miljonääri
64%
37 Keskitalven kokko
64%
98 Lohikäärmeen kyyneleitä
64%
59 Noitakävelyä
64%
50 Kuka asuu kelon sisällä
63%
13 Maailman viimeinen lohikäärme
63%
7 Matkalaukku
63%
21 Nuuskamuikkunen lähtee pois
62%
3 Rannalta löytynyt hylky
61%
38 Loitsu
60%
49 Jättikurpitsa
59%
79 Muumipeikon kihlaus
59%
80 Nipsu rakastuu
59%
101 Koulu kutsuu
58%
72 Muumipeikko ja delfiini
58%
15 Niiskuneiti potee muistinmenetystä
58%
97 Pikku Myyn lyhyt romanssi
58%
53 Vedenneito
58%
26 Majakka syttyy
57%
94 Muumipeikko ja Haisuli vaihdokkaina
57%
77 Suuri lentokilpailu
57%
8 Taikurin taika
57%
24 Kiirehdi, Nuuskamuikkunen
56%
100 Punainen täysikuu
56%
54 Timantti
56%
82 Hemulitäti tulee muumilaaksoon
55%
78 Kohti etelää
55%
32 Kultakala
55%
90 Muumit muinaisuudessa 1
55%
65 Naamiaiset
55%
11 Niisku leijailee taivaalla
55%
16 Olioita avaruudesta
55%
18 Taikasiemeniä valtamerestä
55%
93 Nipsu apumiehenä
54%
102 Pikku Myyn karmea syntymäpäivä
54%
57 Äidinrakkaus
53%
73 Luola
53%
17 Muumipappa kaipaa vaihtelua
53%
61 Muumipeikko ennustaa korteista
53%
68 Muumipeikko ja linnut
53%
95 Muumipeikko villissä lännessä
53%
91 Muumit muinaisuudessa 2
53%
67 Tuoli
53%
5 Hattivattien salaisuudet
52%
44 Hauska syntymäpäivälahja
52%
30 Jälleen yhdessä
52%
46 Musta kreivitär
52%
83 Muumipeikko ja kultainen häntä
52%
86 Poliisimestarin veljenpoika
52%
43 Primadonna
52%
103 Salainen lääke
52%
69 Feeniks-lintu
51%
104 Kultainen valtakunta
51%
55 Muumipapan toinen nuoruus
51%
96 Muumipeikon Robinson-seikkailu
51%
66 Vampyyri
51%
52 Aarteenetsintää
50%
39 Jysähdyksiä yössä
50%
22 Muumipeikon ja Pikku Myyn talvinen seikkailu
50%
70 Muumipeikon iso kala
49%
23 Talven vieraita
49%
42 Auringonpimennys
48%
48 Kuplia
48%
34 Leija
48%
51 Niiskuneiti selvänäkijänä
47%
58 Taitelijoita muumilaaksossa
47%
99 Aikakoneella renessanssiin
44%
74 Ihana lahja
44%
88 Muumitalvi
44%
56 Salainen ruokalaji
44%
84 Hiekkaveistoksia
41%
76 Talon maalausta
41%
33 Lampun henki
40%
40 Salaperäistä ilotulitusta
38%
47 Kuuma lähde
37%
92 Aarrekartta
36%
75 Satumainen smaragdi
25%
71 Tyrmääjäsieni
25%
81 Uusi elämä
24%
31 Iso jysäys
20%
Ehtoja vastaavia visoja ei löytynyt
Tulosjakauma
Jokaisen tuloksen saaneiden osuus
Persentiili vastausten määrän mukaan
Tuloshistoriasi
Et ole pelannut tätä visaa